000 01221nam a2200337 4500
001 000
005 20170922100633.0
006 000
007 000
008 000
010 _a 2002345748
020 _a9966410953
020 _a9966420479
035 _a(DLC) 2002345748
040 _aUOEL
_cDLC
_dDLC
042 _alcode
050 0 0 _aQH75
_b.M843 1996
082 0 0 _a333.95/16
_222
100 1 _aMugabe, John.
245 1 0 _aTechnology transfer and the convention on biological diversity :
_bemerging policy and institutional issues /
_cJohn Mugabe, Norman Clark.
260 _aNairobi, Kenya :
_bACTS Press, African Centre for Technology Studies ;
_aGlasgow, UK :
_bGraduate School of Environmental Studies, University of Strathclyde ;
_aWashington, DC, USA :
_bWorld Resources Institute,
_c1996.
300 _a38 p. ;
_c21 cm.
440 0 _aBiopolicy international series ;
_vno. 18
504 _aIncludes bibliographical references (p. 35-38).
650 0 _aBiodiversity conservation.
650 0 _aTechnology transfer.
700 1 _aClark, Norman.
906 _a7
_bcbc
_corigode
_d3
_encip
_f20
_gy-gencatlg
942 _2lcc
_cSBK
999 _c16229
_d16229